[Event "Helsingor Xtracon op"]
[Site "Helsingor"]
[Date "2017.07.23"]
[Round "2"]
[White "Karlsson, Ulf"]
[Black "Pantzar, Milton"]
[Result "0-1"]
[WhiteElo "2036"]
[BlackElo "2313"]
[PlyCount "42"]
[EventDate "2017.07.22"]
[EventType "swiss"]
[EventRounds "10"]
[EventCountry "DEN"]
[SourceTitle "CBM 179 Extra"]
[Source "ChessBase"]
[SourceDate "2017.08.23"]
[SourceVersion "1"]
[SourceVersionDate "2017.08.23"]
[SourceQuality "1"]

1. e4 e5 2. Nf3 Nc6 3. Nc3 Nf6 4. d4 exd4 5. Nxd4 Bb4 6. Nxc6 bxc6 7. Bd3 d5 8. exd5 cxd5 9. 0-0 0-0 10. Bg5 Be6 11. Ne2 Rb8 12. Nd4 Bd7 13. c3 Bd6 14. Qf3 Rxb2 15. Nb3 c5 16. Bxf6 Qxf6 17. Qxd5 Bc6 18. Qf5 Qh6 19. h3 Qh4 20. Na5 Bxg2 21. Kxg2 Qg3+ 0-1

[Event "Vaxjo Nordic zt"]
[Site "Vaxjo"]
[Date "2017.07.02"]
[Round "9"]
[White "Carlsson, Ludvig"]
[Black "Karlsson, Ulf"]
[Result "1-0"]
[WhiteElo "2088"]
[BlackElo "2027"]
[PlyCount "83"]
[EventDate "2017.06.26"]
[EventType "swiss"]
[EventRounds "9"]
[EventCountry "SWE"]
[SourceTitle "CBM 179 Extra"]
[Source "ChessBase"]
[SourceDate "2017.08.23"]
[SourceVersion "1"]
[SourceVersionDate "2017.08.23"]
[SourceQuality "1"]

1. Nf3 c5 2. c4 e6 3. Nc3 Nc6 4. g3 Nf6 5. Bg2 d5 6. cxd5 exd5 7. d4 Be7 8. 0-0 0-0 9. dxc5 Bxc5 10. Na4 Be7 11. Be3 Bg4 12. Rc1 Qd7 13. Nc5 Bxc5 14. Bxc5 Rfd8 15. Nd4 Bh3 16. Nxc6 bxc6 17. Bd4 Bxg2 18. Kxg2 Ne4 19. Qa4 Rdc8 20. Rc2 Qe6 21. Rfc1 c5 22. Bxc5 Nxc5 23. Rxc5 Rxc5 24. Rxc5 Qxe2 25. Rxd5 Qxb2 26. Qxa7 Re8 27. Qe3 Rc8 28. Qe7 h6 29. Rd8+ Rxd8 30. Qxd8+ Kh7 31. Qd5 f6 32. a4 Qb6 33. a5 Qa6 34. h4 g5 35. h5 Kg7 36. Qd7+ Kf8 37. Qd8+ Kf7 38. Qb6 Qa8+ 39. Kh2 Qf3 40. a6 Qxh5+ 41. Kg2 g4 42. Qb7+ 1-0

[Event "Vaxjo Nordic zt"]
[Site "Vaxjo"]
[Date "2017.07.01"]
[Round "8"]
[White "Halvarsson, Peter"]
[Black "Karlsson, Ulf"]
[Result "0-1"]
[WhiteElo "1889"]
[BlackElo "2027"]
[PlyCount "88"]
[EventDate "2017.06.26"]
[EventType "swiss"]
[EventRounds "9"]
[EventCountry "SWE"]
[SourceTitle "CBM 179 Extra"]
[Source "ChessBase"]
[SourceDate "2017.08.23"]
[SourceVersion "1"]
[SourceVersionDate "2017.08.23"]
[SourceQuality "1"]

1. e4 c5 2. a3 g6 3. h4 h5 4. Bc4 Bg7 5. Nc3 Nc6 6. d3 d6 7. Nh3 Nf6 8. Ng5 0-0 9. 0-0 e6 10. Ba2 a6 11. Ne2 b5 12. c3 a5 13. Bf4 Nh7 14. Rc1 Ba6 15. Ng3 Nxg5 16. Bxg5 Qd7 17. Be3 Ne5 18. Rc2 b4 19. c4 Ng4 20. Bc1 e5 21. f3 Nf6 22. Rcf2 Bb7 23. a4 Nh7 24. Ne2 Qe7 25. g3 Bc8 26. Kg2 g5 27. hxg5 Nxg5 28. Rh1 f6 29. Rxh5 Qf7 30. Qh1 Qe7 31. g4 Kf7 32. Qh4 Bd7 33. Ng3 Rh8 34. Rf1 Rag8 35. Rh1 Kf8 36. Nf5 Bxf5 37. exf5 Rxh5 38. gxh5 Bh6 39. Kf2 Qd7 40. Bxg5 Rxg5 41. Qe4 Qxa4 42. Qa8+ Kg7 43. Qb7+ Kh8 44. Re1 Qxa2 0-1

[Event "Vaxjo Nordic zt"]
[Site "Vaxjo"]
[Date "2017.06.26"]
[Round "1"]
[White "Karlsson, Ulf"]
[Black "Nielsen, Rogvi Egilstoft"]
[Result "0-1"]
[WhiteElo "2027"]
[BlackElo "2353"]
[PlyCount "58"]
[EventDate "2017.06.26"]
[EventType "swiss"]
[EventRounds "9"]
[EventCountry "SWE"]
[SourceTitle "CBM 179 Extra"]
[Source "ChessBase"]
[SourceDate "2017.08.23"]
[SourceVersion "1"]
[SourceVersionDate "2017.08.23"]
[SourceQuality "1"]

1. e4 e5 2. Nf3 Nc6 3. Nc3 Nf6 4. d4 exd4 5. Nxd4 Bb4 6. Nxc6 bxc6 7. Bd3 d5 8. exd5 cxd5 9. 0-0 0-0 10. Bg5 c6 11. Ne2 h6 12. Bh4 Bd6 13. Nd4 c5 14. Nb5 Bb8 15. c4 Bb7 16. Bxf6 Qxf6 17. Re1 dxc4 18. Be4 Bxe4 19. Rxe4 Qxb2 20. Rb1 Qxa2 21. Qc1 Rd8 22. Qe1 Bd6 23. Re2 Qa6 24. Nc3 Bc7 25. Ne4 Qc6 26. Qc3 Rd4 27. Nd2 Rad8 28. Nf3 Rd3 29. Qxc4 Rxf3 0-1

[Event "Gothenburg Kvibergspelen"]
[Site "Gothenburg"]
[Date "2017.05.06"]
[Round "6"]
[White "Karlsson, Ulf"]
[Black "Ornstein, Axel"]
[Result "0-1"]
[WhiteElo "1997"]
[BlackElo "2349"]
[PlyCount "64"]
[EventDate "2017.05.05"]
[EventType "swiss"]
[EventRounds "8"]
[EventCountry "SWE"]
[SourceTitle "CBM 178 Extra"]
[Source "ChessBase"]
[SourceDate "2017.06.22"]
[SourceVersion "1"]
[SourceVersionDate "2017.06.22"]
[SourceQuality "1"]

1. e4 e5 2. Nf3 Nc6 3. Nc3 Nf6 4. d4 exd4 5. Nxd4 Bb4 6. Nxc6 bxc6 7. Bd3 d5 8. exd5 cxd5 9. 0-0 0-0 10. Bg5 Be6 11. Ne2 h6 12. Bh4 Be7 13. Nd4 Qd7 14. Nxe6 fxe6 15. Qe2 Bd6 16. c4 c6 17. Rae1 e5 18. Bxf6 Rxf6 19. cxd5 cxd5 20. Bb5 Qb7 21. Rc1 Bc7 22. Rc2 Raf8 23. Ba4 Kh8 24. Qd1 Bb6 25. Bb3 d4 26. Kh1 e4 27. Qh5 Rf5 28. Qg4 e3 29. Bc4 Rg5 30. Qh3 Qe4 31. Rcc1 d3 32. Bxd3 Qxd3 0-1

[Event "Vaxjo op"]
[Site "Vaxjo"]
[Date "2017.02.10"]
[Round "4"]
[White "Ornstein, Axel"]
[Black "Karlsson, Ulf"]
[Result "1-0"]
[WhiteElo "2358"]
[BlackElo "1996"]
[PlyCount "67"]
[EventDate "2017.02.10"]
[EventType "swiss"]
[EventRounds "8"]
[EventCountry "SWE"]
[SourceTitle "CBM 176 Extra"]
[Source "ChessBase"]
[SourceDate "2017.03.02"]
[SourceVersion "1"]
[SourceVersionDate "2017.03.02"]
[SourceQuality "1"]

1. d4 Nf6 2. Nf3 d5 3. Bf4 e6 4. e3 Bd6 5. Bg3 0-0 6. c4 b6 7. Nc3 a6 8. cxd5 exd5 9. Bd3 Nc6 10. Bh4 Be7 11. 0-0 Bg4 12. Rc1 Re8 13. h3 Bh5 14. Ne2 Nb4 15. Bb1 c5 16. dxc5 Bxf3 17. gxf3 bxc5 18. Bxf6 Bxf6 19. Rxc5 Qd7 20. a3 Nc6 21. Rxd5 Qxh3 22. Nf4 Qc8 23. Qc2 g6 24. Rc5 Qb7 25. Rxc6 Rac8 26. Rc1 Rxc6 27. Qxc6 Qxc6 28. Rxc6 Bxb2 29. Rxa6 Rd8 30. Kg2 Rd1 31. Bc2 Rc1 32. Be4 Rc5 33. a4 g5 34. Nd3 1-0

[Event "Gothenburg op"]
[Site "Gothenburg"]
[Date "2016.08.19"]
[Round "2"]
[White "Golubka, Petr"]
[Black "Karlsson, Ulf"]
[Result "1-0"]
[WhiteElo "2373"]
[BlackElo "2036"]
[PlyCount "26"]
[EventDate "2016.08.19"]
[EventType "swiss"]
[EventRounds "8"]
[EventCountry "SWE"]
[SourceTitle "CBM 174 Extra"]
[Source "ChessBase"]
[SourceDate "2016.10.10"]
[SourceVersion "1"]
[SourceVersionDate "2016.10.10"]
[SourceQuality "1"]

1. d4 Nf6 2. Nf3 e6 3. Bg5 Be7 4. e3 d5 5. Bd3 c5 6. c3 Nc6 7. Nbd2 h6 8. Bxf6 Bxf6 9. dxc5 e5 10. e4 0-0 11. exd5 Qxd5 12. Ne4 Rd8 13. Bc2 Qe6 1-0

[Event "Copenhagen Challenge"]
[Site "Ballerup"]
[Date "2016.04.20"]
[Round "1"]
[White "Karlsson, Ulf"]
[Black "Haubro, Martin"]
[Result "0-1"]
[WhiteElo "2026"]
[BlackElo "2345"]
[PlyCount "50"]
[EventDate "2016.04.20"]
[EventType "swiss"]
[EventRounds "9"]
[EventCountry "DEN"]
[SourceTitle "CBM 172 Extra"]
[Source "ChessBase"]
[SourceDate "2016.06.21"]
[SourceVersion "1"]
[SourceVersionDate "2016.06.21"]
[SourceQuality "1"]

1. e4 e5 2. Nf3 Nc6 3. Nc3 Nf6 4. d4 exd4 5. Nxd4 Bb4 6. Nxc6 bxc6 7. Bd3 d5 8. exd5 cxd5 9. 0-0 0-0 10. Bg5 Be6 11. Bxf6 Qxf6 12. Nxd5 Bxd5 13. Qh5 Rfd8 14. Qxh7+ Kf8 15. c3 Bd6 16. Qh8+ Ke7 17. Qh5 Rh8 18. Qe2+ Be6 19. g3 Qh6 20. f4 Bc5+ 21. Kh1 Kf8 22. h4 Bd5+ 23. Kh2 Re8 24. Qg4 Qh5 25. Qd7 Re2+ 0-1

[Event "Copenhagen Bronshoj op"]
[Site "Copenhagen"]
[Date "2016.??.??"]
[Round "6"]
[White "Karlsson, Ulf"]
[Black "Vasli, Aref"]
[Result "0-1"]
[WhiteElo "2045"]
[BlackElo "2169"]
[PlyCount "68"]
[EventDate "2016.02.12"]
[EventType "swiss"]
[EventRounds "7"]
[EventCountry "DEN"]
[SourceTitle "CBM 170 Extra"]
[Source "ChessBase"]
[SourceDate "2016.02.25"]
[SourceVersion "1"]
[SourceVersionDate "2016.02.25"]
[SourceQuality "1"]

1. b3 Nf6 2. Bb2 g6 3. Bxf6 exf6 4. c4 d5 5. cxd5 Qxd5 6. Nc3 Qd8 7. g3 Bg7 8. Bg2 0-0 9. Nf3 Nd7 10. 0-0 Re8 11. Rc1 c6 12. d3 f5 13. e3 Nc5 14. d4 Ne4 15. Nd2 Nxc3 16. Rxc3 Be6 17. Rc1 h5 18. h4 f4 19. gxf4 Qxh4 20. Nf3 Qe7 21. Ne5 Rad8 22. Qc2 Bf5 23. Qc5 Qxc5 24. Rxc5 Bf8 25. Rcc1 Kg7 26. Kh2 f6 27. Nf3 Bd6 28. Nh4 Bd3 29. Rg1 g5 30. Bf1 Bh7 31. Kh1 Kh6 32. fxg5+ fxg5 33. Nf3 Rf8 34. Be2 Be4 0-1

[Event "Copenhagen Bronshoj op"]
[Site "Copenhagen"]
[Date "2016.??.??"]
[Round "2"]
[White "Mouritsen, Jan"]
[Black "Karlsson, Ulf"]
[Result "0-1"]
[WhiteElo "1802"]
[BlackElo "2045"]
[PlyCount "82"]
[EventDate "2016.02.12"]
[EventType "swiss"]
[EventRounds "7"]
[EventCountry "DEN"]
[SourceTitle "CBM 170 Extra"]
[Source "ChessBase"]
[SourceDate "2016.02.25"]
[SourceVersion "1"]
[SourceVersionDate "2016.02.25"]
[SourceQuality "1"]

1. d4 Nf6 2. Nf3 e6 3. g3 d5 4. Bg2 c5 5. 0-0 Nc6 6. c4 Be7 7. cxd5 exd5 8. Nc3 0-0 9. Bg5 cxd4 10. Nxd4 h6 11. Bf4 Bg4 12. Rc1 Qd7 13. Re1 Rac8 14. Qd3 Rfe8 15. Nxc6 bxc6 16. e4 d4 17. Ne2 Bb4 18. Red1 c5 19. f3 Be6 20. a3 c4 21. Qb1 Bc5 22. Kh1 d3 23. Nc3 Nh5 24. Bd2 Qc7 25. f4 Bg4 26. Rf1 Qd7 27. Rce1 Rb8 28. Qc1 Bd4 29. f5 Qb7 30. Bxh6 f6 31. Bf4 Bxc3 32. bxc3 Nxf4 33. Rxf4 Be2 34. e5 Qb2 35. Bd5+ Kf8 36. Qe3 d2 37. Qc5+ Re7 38. Rd1 Bxd1 39. Rh4 Bh5 40. Qd4 Qb1+ 41. Kg2 d1Q 0-1

[Event "Politiken Cup 37th"]
[Site "Helsingor"]
[Date "2015.07.28"]
[Round "5"]
[White "Gottschalck, Christian"]
[Black "Karlsson, Ulf"]
[Result "0-1"]
[WhiteElo "1830"]
[BlackElo "2041"]
[PlyCount "70"]
[EventDate "2015.07.25"]
[EventType "swiss"]
[EventRounds "10"]
[EventCountry "DEN"]
[SourceTitle "CBM 167 Extra"]
[Source "ChessBase"]
[SourceDate "2015.09.14"]
[SourceVersion "1"]
[SourceVersionDate "2015.09.14"]
[SourceQuality "1"]

1. e4 c5 2. Nf3 Nc6 3. d4 cxd4 4. Nxd4 e5 5. Nb5 d6 6. N1c3 a6 7. Na3 b5 8. Nd5 Nge7 9. c3 Nxd5 10. exd5 Ne7 11. c4 g6 12. Bd2 Bg7 13. Bc3 bxc4 14. Bxc4 0-0 15. 0-0 Bb7 16. Qd2 Rc8 17. Bb3 Nf5 18. Nc2 Bh6 19. Qe2 Qb6 20. Rad1 a5 21. Rfe1 Ba6 22. Qg4 Bf4 23. g3 h5 24. Qf3 Bg5 25. Re4 Rc5 26. Ne3 Nxe3 27. fxe3 f5 28. Rxe5 dxe5 29. d6+ Kh7 30. Rd5 Rxd5 31. Bxd5 Qxe3+ 32. Qxe3 Bxe3+ 33. Kg2 Bb6 34. Bxe5 Re8 35. Bf6 Bd8 0-1

[Event "Politiken Cup 37th"]
[Site "Helsingor"]
[Date "2015.07.27"]
[Round "4"]
[White "Karlsson, Ulf"]
[Black "Rendlev, Niels Moller"]
[Result "1-0"]
[WhiteElo "2041"]
[BlackElo "1785"]
[PlyCount "93"]
[EventDate "2015.07.25"]
[EventType "swiss"]
[EventRounds "10"]
[EventCountry "DEN"]
[SourceTitle "CBM 167 Extra"]
[Source "ChessBase"]
[SourceDate "2015.09.14"]
[SourceVersion "1"]
[SourceVersionDate "2015.09.14"]
[SourceQuality "1"]

1. e4 e6 2. d3 c5 3. g3 Nc6 4. Bg2 g6 5. Nc3 Bg7 6. f4 d6 7. Nf3 Nf6 8. h3 Nh5 9. Ne2 Qb6 10. g4 Nf6 11. c3 h5 12. g5 Ng8 13. Nh4 Nge7 14. Ng3 Bd7 15. Qe2 0-0-0 16. Be3 d5 17. Qc2 d4 18. Bf2 Kb8 19. 0-0 Bc8 20. c4 f6 21. Nf3 e5 22. Ne2 fxg5 23. Nxg5 Rdf8 24. Bg3 Ka8 25. Nf3 Qc7 26. fxe5 Nxe5 27. Ng5 N7c6 28. Nf4 Nb4 29. Qd2 h4 30. Bh2 Qe7 31. Nd5 Nxd5 32. exd5 Bh6 33. Qe2 Bxg5 34. Qxe5 Be3+ 35. Kh1 Qxe5 36. Bxe5 Rhg8 37. Bd6 Re8 38. Bxc5 Bf5 39. Rad1 Rc8 40. Be7 Rce8 41. d6 Rh8 42. b4 Kb8 43. a4 Bd7 44. Ra1 g5 45. c5 g4 46. hxg4 Bc6 47. b5 1-0

[Event "Politiken Cup 37th"]
[Site "Helsingor"]
[Date "2015.07.26"]
[Round "3"]
[White "Opasiak, Dustin Tennessee"]
[Black "Karlsson, Ulf"]
[Result "1-0"]
[WhiteElo "1791"]
[BlackElo "2041"]
[PlyCount "71"]
[EventDate "2015.07.25"]
[EventType "swiss"]
[EventRounds "10"]
[EventCountry "DEN"]
[SourceTitle "CBM 167 Extra"]
[Source "ChessBase"]
[SourceDate "2015.09.14"]
[SourceVersion "1"]
[SourceVersionDate "2015.09.14"]
[SourceQuality "1"]

1. e4 c5 2. Ne2 Nc6 3. Nbc3 g6 4. g3 Bg7 5. Bg2 d6 6. 0-0 e6 7. d3 Nge7 8. f4 0-0 9. Be3 Rb8 10. Kh1 b5 11. Qd2 Nd4 12. Bg1 b4 13. Nd1 Nxe2 14. Qxe2 Qc7 15. a3 a5 16. axb4 axb4 17. g4 f5 18. gxf5 exf5 19. h4 h5 20. c3 Bb7 21. d4 fxe4 22. Bxe4 Nf5 23. Kh2 cxd4 24. Bxf5 Rxf5 25. Bxd4 Qf7 26. Bxg7 Kxg7 27. Qd2 Rd5 28. Qf2 Rd3 29. Ra7 Qd5 30. c4 Qxc4 31. f5 Rd4 32. Ne3 Qc5 33. fxg6 Qe5+ 34. Kg1 Qe6 35. Nf5+ Kxg6 36. Qxd4 1-0

[Event "Copenhagen Challenge"]
[Site "Ballerup"]
[Date "2015.05.03"]
[Round "8"]
[White "Rewitz, Poul"]
[Black "Karlsson, Ulf"]
[Result "0-1"]
[WhiteElo "2257"]
[BlackElo "2022"]
[PlyCount "174"]
[EventDate "2015.04.29"]
[EventType "swiss"]
[EventRounds "9"]
[EventCountry "DEN"]
[SourceTitle "CBM 166 Extra"]
[Source "ChessBase"]
[SourceDate "2015.06.18"]
[SourceVersion "1"]
[SourceVersionDate "2015.06.18"]
[SourceQuality "1"]

1. Nc3 c5 2. d4 cxd4 3. Qxd4 Nc6 4. Qh4 g6 5. e4 Bg7 6. Bd3 d6 7. Nge2 Bd7 8. 0-0 Ne5 9. Kh1 Nxd3 10. cxd3 e6 11. Qg3 Bc6 12. d4 Ne7 13. b4 Qd7 14. a4 b6 15. Ba3 Rd8 16. b5 Bb7 17. Bb4 0-0 18. a5 f5 19. axb6 axb6 20. Ra7 Nc8 21. Ra3 fxe4 22. Qh4 Rfe8 23. Nxe4 Bxe4 24. Qxe4 Qxb5 25. Rb1 Qf5 26. f3 d5 27. Qd3 Qxd3 28. Rxd3 Nd6 29. Bxd6 Rxd6 30. Kg1 e5 31. dxe5 Bxe5 32. Kf2 Kf7 33. g3 Rc8 34. f4 Bf6 35. g4 Rc2 36. Kf3 Re6 37. Re3 Rxe3+ 38. Kxe3 Rb2 39. Rc1 Rb3+ 40. Kd2 Be7 41. Rc7 Ke8 42. Rb7 b5 43. g5 b4 44. Nd4 Rh3 45. Nc6 Bc5 46. Rb8+ Kd7 47. Ne5+ Kc7 48. Rb5 Rxh2+ 49. Kd3 Rh3+ 50. Ke2 Rc3 51. Nd3 Kc6 52. Rb8 Bd6 53. Nxb4+ Bxb4 54. Rxb4 Rc4 55. Rb1 Rxf4 56. Rh1 Rf7 57. Ke3 Kd6 58. Kd4 Rf4+ 59. Ke3 Rg4 60. Rxh7 Rxg5 61. Rh8 Ke6 62. Re8+ Kf6 63. Rf8+ Kg7 64. Rd8 Rf5 65. Ra8 Kf6 66. Ra6+ Kg5 67. Ra1 Rf4 68. Rg1+ Kf5 69. Rd1 d4+ 70. Kd3 g5 71. Ra1 g4 72. Ra5+ Kg6 73. Ke2 g3 74. Ra3 Rg4 75. Kf1 g2+ 76. Kg1 Kf5 77. Ra8 Ke4 78. Ra3 Rg7 79. Ra8 Ke3 80. Re8+ Kd2 81. Rd8 d3 82. Rd6 Ke2 83. Re6+ Kd2 84. Rd6 Rg3 85. Ra6 Ke2 86. Ra3 Re3 87. Kxg2 d2 0-1

[Event "Copenhagen Challenge"]
[Site "Ballerup"]
[Date "2015.05.01"]
[Round "4"]
[White "Karlsson, Ulf"]
[Black "Englert, Fabian"]
[Result "1/2-1/2"]
[WhiteElo "2022"]
[BlackElo "2318"]
[PlyCount "142"]
[EventDate "2015.04.29"]
[EventType "swiss"]
[EventRounds "9"]
[EventCountry "DEN"]
[SourceTitle "CBM 166 Extra"]
[Source "ChessBase"]
[SourceDate "2015.06.18"]
[SourceVersion "1"]
[SourceVersionDate "2015.06.18"]
[SourceQuality "1"]

1. e4 g6 2. Nc3 Bg7 3. g3 c5 4. d3 Nc6 5. Bg2 d6 6. f4 e6 7. Nf3 Nge7 8. 0-0 0-0 9. Be3 b6 10. Bf2 Qd7 11. Rb1 Bb7 12. Qd2 Rad8 13. Rfe1 e5 14. Nd5 exf4 15. Nxf4 Ne5 16. c4 Nxf3+ 17. Bxf3 Nc6 18. Bg2 Rde8 19. Bh3 Qd8 20. Be3 Nd4 21. Bg2 Kh8 22. Nd5 Bxd5 23. cxd5 f5 24. Rf1 Qd7 25. Kh1 Qe7 26. b4 fxe4 27. Bxe4 Rxf1+ 28. Rxf1 Rf8 29. Rxf8+ Qxf8 30. Kg2 cxb4 31. Qxb4 Nc2 32. Qd2 Nxe3+ 33. Qxe3 Qb8 34. Bf3 b5 35. Bg4 b4 36. Qe6 a5 37. Qd7 Bd4 38. Bd1 Qf8 39. Bf3 Bc5 40. Qb5 Qa8 41. Qc6 Qd8 42. Qb5 h5 43. Qc4 Qf6 44. Qc2 Qe5 45. Be4 g5 46. Qe2 g4 47. h3 gxh3+ 48. Kxh3 a4 49. Qd2 Kg7 50. Qc2 Kf6 51. Qd1 b3 52. axb3 a3 53. Qd2 Qg5 54. Qc3+ Qe5 55. Qd2 Qg5 56. Qc3+ Ke7 57. b4 Qg4+ 58. Kg2 Qe2+ 59. Kh3 Qb2 60. Qxb2 axb2 61. d4 Bxd4 62. g4 Kf6 63. gxh5 Ke5 64. Bb1 Kxd5 65. Kg2 Kc4 66. Kf1 Kxb4 67. Ke2 Kc3 68. h6 Bf6 69. h7 d5 70. Kd1 Kd4 71. Ke2 Bh8 1/2-1/2

[Event "Copenhagen Challenge"]
[Site "Ballerup"]
[Date "2015.05.01"]
[Round "5"]
[White "Nielsen, Thomas Bach"]
[Black "Karlsson, Ulf"]
[Result "1-0"]
[WhiteElo "2193"]
[BlackElo "2022"]
[PlyCount "57"]
[EventDate "2015.04.29"]
[EventType "swiss"]
[EventRounds "9"]
[EventCountry "DEN"]
[SourceTitle "CBM 166 Extra"]
[Source "ChessBase"]
[SourceDate "2015.06.18"]
[SourceVersion "1"]
[SourceVersionDate "2015.06.18"]
[SourceQuality "1"]

1. d4 d5 2. c4 e6 3. Nc3 c5 4. cxd5 exd5 5. Nf3 Nc6 6. Bg5 Qa5 7. dxc5 Bxc5 8. e3 h6 9. Bh4 Be6 10. Bb5 a6 11. Bxc6+ bxc6 12. 0-0 Ne7 13. Nd4 Bxd4 14. exd4 Nf5 15. Bg3 Nxg3 16. hxg3 Rb8 17. Na4 0-0 18. b3 Rfe8 19. Rc1 Rbc8 20. Rc5 Qb4 21. Qd3 Bg4 22. f3 Bh5 23. Kf2 Bg6 24. Qc3 Qb7 25. Re1 Rxe1 26. Qxe1 Bd3 27. Rc3 Bb5 28. Nc5 Qa8 29. a4 1-0

[Event "Copenhagen Bronshoj op"]
[Site "Copenhagen"]
[Date "2015.02.07"]
[Round "2"]
[White "Karlsson, Ulf"]
[Black "Moe, Mogens"]
[Result "1-0"]
[WhiteElo "2000"]
[BlackElo "2183"]
[PlyCount "89"]
[EventDate "2015.02.06"]
[EventType "swiss"]
[EventRounds "7"]
[EventCountry "DEN"]
[SourceTitle "EXT 2016"]
[Source "ChessBase"]
[SourceDate "2015.10.08"]
[SourceVersion "1"]
[SourceVersionDate "2015.10.08"]
[SourceQuality "1"]

1. e4 c5 2. Nc3 Nc6 3. Bb5 g6 4. Bxc6 dxc6 5. d3 Bg7 6. Nge2 e5 7. Be3 b6 8. Qd2 Qd6 9. 0-0 Be6 10. b3 Ne7 11. Rad1 0-0-0 12. f4 f6 13. fxe5 fxe5 14. Na4 h5 15. Nb2 Ng8 16. Nc4 Qc7 17. Bg5 Re8 18. Rf2 h4 19. h3 Rh5 20. Rdf1 b5 21. Nb2 Bh6 22. Bxh6 Nxh6 23. Qe3 Qe7 24. a4 a6 25. axb5 cxb5 26. Nc3 Qd6 27. Rf6 Qd4 28. Nbd1 g5 29. Ne2 Qxe3+ 30. Nxe3 Kd7 31. Nc3 Re7 32. Ncd5 Ng8 33. Rf8 Bxd5 34. Nxd5 Rg7 35. Rxg8 Rxg8 36. Nf6+ Ke6 37. Nxg8 Rh8 38. Nf6 Rf8 39. Nd5 Rxf1+ 40. Kxf1 Kd6 41. Ke2 a5 42. Kd2 c4 43. dxc4 bxc4 44. Kc3 cxb3 45. cxb3 1-0

[Event "Politiken Cup 36th"]
[Site "Helsingor"]
[Date "2014.07.25"]
[Round "6"]
[White "Karlsson, Ulf"]
[Black "Ivarsson, Torbjorn"]
[Result "0-1"]
[WhiteElo "1994"]
[BlackElo "2131"]
[PlyCount "82"]
[EventDate "2014.07.21"]
[EventType "swiss"]
[EventRounds "10"]
[EventCountry "DEN"]
[SourceTitle "CBM 161 Extra"]
[Source "ChessBase"]
[SourceDate "2014.08.29"]
[SourceVersion "1"]
[SourceVersionDate "2014.08.29"]
[SourceQuality "1"]

1. e4 c5 2. d3 Nc6 3. g3 d5 4. Nd2 Nf6 5. Bg2 e5 6. Ngf3 dxe4 7. dxe4 h6 8. 0-0 Be6 9. c3 Qc7 10. Qc2 c4 11. Re1 Bc5 12. h3 Qd7 13. Re2 g5 14. b4 cxb3 15. axb3 b5 16. c4 Bd4 17. Ra6 Nb4 18. Rxe6+ fxe6 19. Qb1 a6 20. Nxd4 Qxd4 21. Nf3 Qd3 22. Qb2 0-0 23. Rd2 Qxe4 24. Nxe5 Qe1+ 25. Kh2 Rac8 26. Nd7 Nxd7 27. Rxd7 Rf7 28. Rxf7 Kxf7 29. Bd2 Qxf2 30. Qc3 Nd5 31. Qd3 bxc4 32. bxc4 Rxc4 33. Qh7+ Ke8 34. Qh8+ Kd7 35. Ba5 Rc2 36. Qd8+ Kc6 37. Qe8+ Kc5 38. Qc8+ Kb5 39. Qe8+ Kxa5 40. Qd8+ Kb4 41. Qd6+ Kb3 0-1

[Event "Politiken Cup 36th"]
[Site "Helsingor"]
[Date "2014.07.24"]
[Round "5"]
[White "Stojanovski, Sandi"]
[Black "Karlsson, Ulf"]
[Result "1/2-1/2"]
[WhiteElo "2230"]
[BlackElo "1994"]
[PlyCount "152"]
[EventDate "2014.07.21"]
[EventType "swiss"]
[EventRounds "10"]
[EventCountry "DEN"]
[SourceTitle "CBM 161 Extra"]
[Source "ChessBase"]
[SourceDate "2014.08.29"]
[SourceVersion "1"]
[SourceVersionDate "2014.08.29"]
[SourceQuality "1"]

1. Nf3 Nf6 2. b3 d5 3. e3 Bg4 4. Bb2 Nbd7 5. d4 e6 6. Nbd2 Rc8 7. Bd3 Bd6 8. 0-0 0-0 9. c4 c6 10. Qc2 Bxf3 11. Nxf3 h6 12. h3 Qc7 13. c5 Be7 14. b4 Ne8 15. Rfe1 f5 16. Nd2 Nef6 17. f3 Qg3 18. Nf1 Qg5 19. Bc3 Nh5 20. Rab1 Bd8 21. Qd2 Bc7 22. f4 Qh4 23. Qf2 Qxf2+ 24. Kxf2 Nhf6 25. Nd2 Ne4+ 26. Bxe4 fxe4 27. Ke2 g5 28. fxg5 hxg5 29. Nb3 Rf7 30. Rf1 Rcf8 31. Rxf7 Rxf7 32. Na5 Bxa5 33. bxa5 Nf6 34. a6 bxa6 35. Rb8+ Rf8 36. Rb3 Nh5 37. Be1 Ng7 38. Ra3 e5 39. dxe5 Ne6 40. Rxa6 Nxc5 41. Rxc6 Nd3 42. e6 Rb8 43. Bc3 Rf8 44. e7 Rf2+ 45. Kd1 Kf7 46. Rf6+ Kxe7 47. Rxf2 Nxf2+ 48. Kc2 Nd3 49. a3 Ke6 50. Kb3 Nc1+ 51. Kb4 Ne2 52. Bd2 Ke5 53. Kc5 Ke6 54. a4 Ng3 55. Be1 Nf5 56. Bf2 Nd6 57. g3 Nc4 58. h4 Ne5 59. Kb5 Ng4 60. Bg1 gxh4 61. gxh4 d4 62. exd4 e3 63. Bxe3 Nxe3 64. Kc5 Nd5 65. a5 Nf6 66. Kc6 Nh5 67. a6 Nf6 68. Kb7 Kd6 69. Kxa7 Kc7 70. Ka8 Kc8 71. Ka7 Kc7 72. h5 Nxh5 73. d5 Nf6 74. d6+ Kxd6 75. Kb7 Ne8 76. a7 Nc7 1/2-1/2

[Event "Politiken Cup 36th"]
[Site "Helsingor"]
[Date "2014.07.21"]
[Round "1"]
[White "Ramirez Alvarez, Alejandro"]
[Black "Karlsson, Ulf"]
[Result "1-0"]
[WhiteElo "2580"]
[BlackElo "1994"]
[PlyCount "77"]
[EventDate "2014.07.21"]
[EventType "swiss"]
[EventRounds "10"]
[EventCountry "DEN"]
[SourceTitle "CBM 161 Extra"]
[Source "ChessBase"]
[SourceDate "2014.08.29"]
[SourceVersion "1"]
[SourceVersionDate "2014.08.29"]
[SourceQuality "1"]

1. Nf3 c5 2. e4 Nc6 3. Bb5 e6 4. 0-0 Nge7 5. c3 a6 6. Ba4 b5 7. Bc2 e5 8. d4 d6 9. a4 Bg4 10. d5 Na5 11. h3 Bd7 12. Nbd2 g6 13. b4 Nb7 14. Re1 Bg7 15. Nf1 0-0 16. Be3 Qc7 17. a5 Rae8 18. Rc1 c4 19. Qd2 Qc8 20. Ng3 Nd8 21. Nh2 f6 22. f4 Nf7 23. Rf1 exf4 24. Bxf4 Ne5 25. Nf3 g5 26. Nxe5 dxe5 27. Be3 Ng6 28. Nf5 Bxf5 29. Rxf5 Rf7 30. Rcf1 Nf4 31. g3 Nxh3+ 32. Kg2 g4 33. Bd1 h5 34. Rxh5 Ng5 35. Bxg5 fxg5 36. Rxf7 Kxf7 37. Qxg5 Rh8 38. Bxg4 Qd8 39. Be6+ 1-0

[Event "Copenhagen Challenge"]
[Site "Ballerup"]
[Date "2014.05.18"]
[Round "8"]
[White "Karlsson, Ulf"]
[Black "Nielsen, Viktor Haarmark"]
[Result "1/2-1/2"]
[WhiteElo "1959"]
[BlackElo "2029"]
[PlyCount "35"]
[EventDate "2014.05.14"]
[EventType "swiss"]
[EventRounds "9"]
[EventCountry "DEN"]
[SourceTitle "CBM 160 Extra"]
[Source "ChessBase"]
[SourceDate "2014.07.01"]
[SourceVersion "1"]
[SourceVersionDate "2014.07.01"]
[SourceQuality "1"]

1. e4 e5 2. Nf3 Nc6 3. Nc3 Nf6 4. d4 exd4 5. Nxd4 Bb4 6. Nxc6 bxc6 7. Bd3 d5 8. exd5 cxd5 9. 0-0 0-0 10. Bg5 c6 11. Ne2 h6 12. Bh4 Be7 13. Nd4 Bd7 14. Re1 Re8 15. Qd2 c5 16. Nf5 Bxf5 17. Bxf5 Ne4 18. Bxe4 1/2-1/2